000 00243nam a2200097Ia 4500
005 20251222114341.0
008 251222s1900||||xx |||||||||||||| ||spa||
082 _aDVD0112/D31/2005
245 0 _aBoo: lugares lejanos:Boo: faraway places
942 _cDVD
999 _c850
_d850